Happy readers, book 3 / (Record no. 101905)
[ view plain ]
| 000 -LEADER | |
|---|---|
| fixed length control field | 00448nam a2200157 a 4500 |
| 005 - DATE AND TIME OF LATEST TRANSACTION | |
| control field | 20140412111220.0 |
| 008 - FIXED-LENGTH DATA ELEMENTS--GENERAL INFORMATION | |
| fixed length control field | 001116s19uu xx 00 eng d |
| 020 ## - INTERNATIONAL STANDARD BOOK NUMBER | |
| International Standard Book Number | 0-769-9202-4 |
| 050 ## - LIBRARY OF CONGRESS CALL NUMBER | |
| Classification number | TR(PS) 372.4 |
| Item number | S474 1995 |
| 100 ## - MAIN ENTRY--PERSONAL NAME | |
| Personal name | Sen, R. |
| 245 ## - TITLE STATEMENT | |
| Title | Happy readers, book 3 / |
| Statement of responsibility, etc | R. Sen ; illustrated by Tapas Guha. |
| 260 ## - PUBLICATION, DISTRIBUTION, ETC. (IMPRINT) | |
| Place of publication, distribution, etc | New Delhi : |
| Name of publisher, distributor, etc | Madhuban Educational Books, |
| Date of publication, distribution, etc | 1995. |
| 300 ## - PHYSICAL DESCRIPTION | |
| Extent | 32 p. ; ill. |
| 650 ## - SUBJECT ADDED ENTRY--TOPICAL TERM | |
| Topical term or geographic name as entry element | Reading |
| Withdrawn status | Lost status | Damaged status | Use restrictions | Home library | Current library | Shelving location | Date acquired | Source of acquisition | Total Checkouts | Full call number | Barcode | Date last seen | Price effective from | Koha item type |
|---|---|---|---|---|---|---|---|---|---|---|---|---|---|---|
| Elizalde Library | Elizalde Library | Teachers Reference Section | 11/16/2000 | TR(PS) 372.4 S474 1995 | E0029 | 04/12/2014 | 04/12/2014 | Books |